000 01196nam a2200301 4500
003 EG-GICUC
005 20260121101146.0
008 251105s2013 ua ||||fr|||| 00| 0 ara d
040 _a EG-GICUC
_bara
_c EG-GICUC
_d EG-GICUC
_erda
041 0 _aara
082 0 4 _221
_a341.8
_bع ن . ا
092 0 4 _221
099 _aLaw1 12 341.8 ع ن . ا 2013
100 0 _aعنايت عبدالحميد ثابت
_eمؤلف.
245 1 0 _aأحكام القانون الدولي الخاص المقررة في مصر من خلال بعض التطبيقات العملية/
_cعنايت عبدالحميد ثابت.
264 1 _a[القاهرة]:
_bدون ناشر،
_c2013.
300 _a؛ 71صفحة
_c24 سم
_bإيضاحيات، صور، مثيليات ؛
336 _2rda content
_atext
337 _2rda media
_aComputer
338 _2rda carrier
_aOnline Resource
504 _a. 240-220 ببليوجرافيا: صفحات.
546 _aالنص باللغة العربية
650 1 _aالقانون الدولي الخاص.
_zمصر
_2qrmak
651 1 _2qrmak
856 4 0 _uhttps://fll.law.cu.edu.eg/fulltext/bks/B12-00718.pdf
905 _aRawan khaled
942 _2ddc
_n0
_cBK
_e21
999 _c41092
_d41092